[Event "59th DEN-ch"]
[Site "Odense DEN"]
[Date "1980.??.??"]
[Round "7"]
[White "Oest-Hansen, Jacob"]
[Black "Pedersen, Erik"]
[WhiteElo "2395"]
[BlackElo "2315"]
[Result "1/2-1/2"]
[EventDate "1980.01.01"]
[PlyCount "32"]
[EventCategory "5"]
[Source "ChessBase"]
[SourceDate "1999.07.01"]

1. g3 Nf6 2. Bg2 d5 3. Nf3 c6 4. O-O Bg4 5. d3 Nbd7 6. Nbd2 e5 7. e4 Bd6 8. h3
Bh5 9. Qe1 O-O 10. Nh4 Re8 11. a3 a5 12. b3 b5 13. Bb2 a4 14. b4 dxe4 15. Nxe4
Nxe4 16. Qxe4 Rc8 1/2-1/2

[Event "59th DEN-ch"]
[Site "Odense DEN"]
[Date "1980.??.??"]
[Round "7"]
[White "Kristiansen, Jens"]
[Black "Roedgaard, John"]
[WhiteElo "2430"]
[BlackElo "2335"]
[Result "1/2-1/2"]
[EventDate "1980.01.01"]
[PlyCount "54"]
[EventCategory "5"]
[Source "ChessBase"]
[SourceDate "1999.07.01"]

1. e4 e6 2. d4 d5 3. Nc3 Bb4 4. e5 Ne7 5. a3 Bxc3+ 6. bxc3 b6 7. Qg4 Kf8 8. Nh3
c5 9. a4 Qc7 10. Kd1 Ba6 11. Bxa6 Nxa6 12. Qe2 Nb8 13. Ng5 h6 14. Nf3 Nd7 15.
a5 bxa5 16. Qd3 Nc6 17. Ba3 Kg8 18. Re1 cxd4 19. Bd6 Qc8 20. cxd4 Nb6 21. Nd2
Nb4 22. Qb3 Nc6 23. c3 Qa6 24. Rb1 Kh7 25. Qb5 Qxb5 26. Rxb5 Rhc8 27. Ke2 Na4
1/2-1/2

[Event "59th DEN-ch"]
[Site "Odense DEN"]
[Date "1980.??.??"]
[Round "8"]
[White "Fedder, Steen"]
[Black "Jakobsen, Ole"]
[WhiteElo "2410"]
[BlackElo "2410"]
[Result "1/2-1/2"]
[EventDate "1980.01.01"]
[PlyCount "48"]
[EventCategory "5"]
[Source "ChessBase"]
[SourceDate "1999.07.01"]

1. c4 e5 2. Nc3 Nf6 3. Nf3 Nc6 4. d3 g6 5. g3 Bg7 6. Bg2 O-O 7. O-O d6 8. Rb1
a5 9. a3 h6 10. b4 axb4 11. axb4 Be6 12. b5 Ne7 13. Qb3 Nd7 14. Nd2 Nc5 15. Qc2
Qd7 16. Nde4 Nxe4 17. Nxe4 Kh7 18. Bd2 Rg8 19. Rfc1 f5 20. Nc3 c6 21. Na4 Nc8
22. c5 d5 23. bxc6 Qxc6 24. Rb4 Ra6 1/2-1/2

[Event "59th DEN-ch"]
[Site "Odense DEN"]
[Date "1980.??.??"]
[Round "8"]
[White "Oest-Hansen, Jacob"]
[Black "Broendum, Eric"]
[WhiteElo "2395"]
[BlackElo "2315"]
[Result "1-0"]
[EventDate "1980.01.01"]
[PlyCount "145"]
[EventCategory "5"]
[Source "ChessBase"]
[SourceDate "1999.07.01"]

1. g3 d5 2. Bg2 Nf6 3. Nf3 c5 4. O-O Nc6 5. d3 e6 6. Nbd2 Be7 7. e4 O-O 8. Re1
b5 9. e5 Nd7 10. Nf1 a5 11. h4 b4 12. Bf4 Ba6 13. Ng5 Qe8 14. Qg4 Kh8 15. Rad1
Rc8 16. Bh3 Nb6 17. Bc1 Rb8 18. Nh2 Nd4 19. Rd2 Bc8 20. c3 bxc3 21. bxc3 Nf5
22. Rb2 Ba6 23. Qd1 Bb5 24. Bxf5 exf5 25. Bf4 Bxg5 26. hxg5 Na4 27. Rc2 Qe6 28.
d4 cxd4 29. Qxd4 Rbc8 30. Nf3 Nc5 31. Qe3 Ba4 32. Rb2 Qa6 33. Reb1 Ne4 34. Rc1
Qc4 35. Nd2 Nxd2 36. Rxd2 Bd7 37. Qa7 Be6 38. Qxa5 Qe4 39. Rd4 Qf3 40. Qb4 Rb8
41. Qa4 Rfc8 42. Qd1 Qxd1+ 43. Rdxd1 Ra8 44. Rd2 Rcb8 45. Be3 Kg8 46. Bd4 Rb5
47. f3 Rba5 48. Rcc2 g6 49. Kf2 Kg7 50. Ke3 Ra4 51. Rh2 R4a5 52. Rb2 Kg8 53.
Kd3 Kg7 54. Bb6 Ra3 55. Bc5 R3a4 56. Be7 h5 57. gxh6+ Kh7 58. a3 R4a7 59. Bb4
Ra6 60. Rbd2 Rc6 61. Ke3 Ra4 62. Rd4 Ra8 63. Kf4 Rcc8 64. Kg5 Rcb8 65. Ra2 Ra4
66. Rh2 Raa8 67. Rh1 Rb7 68. Ra1 Ra4 69. Rad1 Rb5 70. c4 dxc4 71. Rd8 Ra7 72.
Bf8 f6+ 73. Kxf6 1-0

[Event "59th DEN-ch"]
[Site "Odense DEN"]
[Date "1980.??.??"]
[Round "8"]
[White "Hoei, Carsten"]
[Black "Kristiansen, Jens"]
[WhiteElo "2410"]
[BlackElo "2430"]
[Result "1-0"]
[EventDate "1980.01.01"]
[PlyCount "77"]
[EventCategory "5"]
[Source "ChessBase"]
[SourceDate "1999.07.01"]

1. d4 Nf6 2. c4 e6 3. Nc3 Bb4 4. e3 b6 5. Nge2 Ba6 6. a3 Be7 7. Nf4 d5 8. b3
O-O 9. Bb2 Bb7 10. Bd3 Nbd7 11. O-O c6 12. Qe2 Bd6 13. Nh5 Qe7 14. e4 Nxh5 15.
Qxh5 Nf6 16. Qh3 dxe4 17. Nxe4 Nxe4 18. Bxe4 f5 19. Bf3 Rae8 20. Rfe1 a5 21. g3
c5 22. Qg2 Bxf3 23. Qxf3 cxd4 24. Bxd4 Bc5 25. Qe3 f4 26. Qe4 fxg3 27. hxg3 Qc7
28. Re2 Bxd4 29. Qxd4 Qc6 30. Rae1 Rf3 31. Re3 Rxe3 32. Rxe3 Rf8 33. b4 axb4
34. axb4 Rf6 35. Rd3 h6 36. Ra3 Rf8 37. Ra7 Rf7 38. Qd8+ Rf8 39. Qe7 1-0

[Event "59th DEN-ch"]
[Site "Odense DEN"]
[Date "1980.??.??"]
[Round "8"]
[White "Pedersen, Erik"]
[Black "Roedgaard, John"]
[WhiteElo "2315"]
[BlackElo "2335"]
[Result "1/2-1/2"]
[EventDate "1980.01.01"]
[PlyCount "31"]
[EventCategory "5"]
[Source "ChessBase"]
[SourceDate "1999.07.01"]

1. b3 d5 2. Bb2 Bg4 3. Nf3 Nd7 4. e3 Ngf6 5. Be2 e6 6. O-O Bd6 7. c4 c6 8. d3
O-O 9. a3 Qe7 10. Nbd2 a5 11. Nd4 Bxe2 12. Qxe2 Rfc8 13. Rfc1 Ne8 14. cxd5 cxd5
15. Nb5 Be5 16. Bxe5 1/2-1/2

[Event "59th DEN-ch"]
[Site "Odense DEN"]
[Date "1980.??.??"]
[Round "9"]
[White "Brinck-Claussen, Bjoern"]
[Black "Fedder, Steen"]
[WhiteElo "2370"]
[BlackElo "2410"]
[Result "1/2-1/2"]
[EventDate "1980.01.01"]
[PlyCount "30"]
[EventCategory "5"]
[Source "ChessBase"]
[SourceDate "1999.07.01"]

1. d4 Nf6 2. c4 g6 3. Nc3 d5 4. Bf4 Bg7 5. e3 O-O 6. Qb3 c5 7. cxd5 cxd4 8.
exd4 Nbd7 9. Be2 Nb6 10. Bf3 Bg4 11. Bxg4 Nxg4 12. Nf3 Nf6 13. d6 exd6 14. O-O
Nh5 15. Bg5 Qd7 1/2-1/2

[Event "59th DEN-ch"]
[Site "Odense DEN"]
[Date "1980.??.??"]
[Round "9"]
[White "Broendum, Eric"]
[Black "Pedersen, Erik"]
[WhiteElo "2315"]
[BlackElo "2315"]
[Result "0-1"]
[EventDate "1980.01.01"]
[PlyCount "80"]
[EventCategory "5"]
[Source "ChessBase"]
[SourceDate "1999.07.01"]

1. d4 Nf6 2. c4 e6 3. Nf3 c5 4. d5 exd5 5. cxd5 d6 6. Nc3 g6 7. e4 Bg7 8. Bg5
h6 9. Bh4 a6 10. Nd2 b5 11. Qc2 O-O 12. Be2 Re8 13. O-O Nbd7 14. a4 b4 15. Nd1
b3 16. Qxb3 g5 17. Bg3 Nxe4 18. Nxe4 Rxe4 19. Qc2 Nf6 20. Ne3 Bb7 21. Nf5 Bxd5
22. Rad1 Re6 23. h4 Be4 24. Bd3 Bxd3 25. Rxd3 Ne4 26. Bxd6 Nxd6 27. Qxc5 Qc8
28. Qxc8+ Nxc8 29. Rd8+ Kh7 30. Rd7 Ra7 31. Rxa7 Nxa7 32. hxg5 hxg5 33. Rd1 Nc6
34. b3 Be5 35. Rd7 Kg6 36. g4 Bf4 37. Rb7 Ne5 38. Ne7+ Kg7 39. Nf5+ Kf6 40. Nh6
Kg6 0-1

[Event "59th DEN-ch"]
[Site "Odense DEN"]
[Date "1980.??.??"]
[Round "9"]
[White "Jakobsen, Ole"]
[Black "Oest-Hansen, Jacob"]
[WhiteElo "2410"]
[BlackElo "2395"]
[Result "1-0"]
[EventDate "1980.01.01"]
[PlyCount "73"]
[EventCategory "5"]
[Source "ChessBase"]
[SourceDate "1999.07.01"]

1. Nf3 Nf6 2. c4 g6 3. Nc3 Bg7 4. e4 d6 5. d4 O-O 6. Be2 e5 7. O-O Nc6 8. d5
Ne7 9. Ne1 Nd7 10. Nd3 f5 11. Bd2 Nf6 12. f3 f4 13. c5 g5 14. Rc1 Ng6 15. cxd6
cxd6 16. Nb5 Rf7 17. Qc2 Ne8 18. a4 h5 19. Nf2 Bd7 20. Qb3 Bf8 21. Rc2 Rg7 22.
h3 Nh4 23. Rfc1 g4 24. fxg4 hxg4 25. hxg4 Rh7 26. Rc3 Bh6 27. Qd1 a6 28. Na3
Rb8 29. a5 f3 30. Bxf3 Bxd2 31. Qxd2 Qxa5 32. Qg5+ Kf8 33. g3 Nxf3+ 34. Rxf3+
Rf7 35. Rcc3 Qd8 36. Qh6+ Ng7 37. Qxd6+ 1-0

[Event "59th DEN-ch"]
[Site "Odense DEN"]
[Date "1980.??.??"]
[Round "9"]
[White "Kristiansen, Jens"]
[Black "Mortensen, Erling"]
[WhiteElo "2430"]
[BlackElo "2400"]
[Result "1-0"]
[EventDate "1980.01.01"]
[PlyCount "71"]
[EventCategory "5"]
[Source "ChessBase"]
[SourceDate "1999.07.01"]

1. e4 c5 2. Nf3 e6 3. Nc3 d6 4. Be2 Nf6 5. d4 cxd4 6. Nxd4 Be7 7. O-O a6 8. f4
O-O 9. Bf3 Qc7 10. Be3 Nc6 11. Kh1 Rd8 12. g4 Nxd4 13. Qxd4 Nd7 14. g5 b5 15.
Bg2 Bb7 16. f5 Ne5 17. fxe6 fxe6 18. Bh3 Bc8 19. a4 b4 20. Ne2 Ng6 21. Qd2 Bd7
22. Nd4 Nf8 23. Qf2 Re8 24. Qf7+ Kh8 25. Rf2 Qb7 26. Bg2 Qc8 27. Nf5 exf5 28.
exf5 Ne6 29. fxe6 Bxe6 30. Qh5 Bg4 31. Qh4 Rb8 32. Bd4 Qe6 33. Rf4 Bf5 34. Re1
Qg6 35. Qf2 Bxc2 36. Rxe7 1-0

[Event "59th DEN-ch"]
[Site "Odense DEN"]
[Date "1980.??.??"]
[Round "9"]
[White "Roedgaard, John"]
[Black "Hoei, Carsten"]
[WhiteElo "2335"]
[BlackElo "2410"]
[Result "1/2-1/2"]
[EventDate "1980.01.01"]
[PlyCount "44"]
[EventCategory "5"]
[Source "ChessBase"]
[SourceDate "1999.07.01"]

1. d4 g6 2. g3 Bg7 3. Bg2 Nf6 4. Nf3 O-O 5. O-O d6 6. b3 c6 7. Bb2 Nbd7 8. Re1
Ne4 9. Nbd2 Ndf6 10. Nxe4 Nxe4 11. Qd3 Nf6 12. Nd2 d5 13. f3 a5 14. c4 Be6 15.
Bc3 Qd7 16. e4 Rfd8 17. a3 a4 18. cxd5 cxd5 19. e5 Ne8 20. Bf1 Rdc8 21. bxa4
Qxa4 22. Bb4 Bf8 1/2-1/2

[Event "59th DEN-ch"]
[Site "Odense DEN"]
[Date "1980.??.??"]
[Round "10"]
[White "Broendum, Eric"]
[Black "Jakobsen, Ole"]
[WhiteElo "2315"]
[BlackElo "2410"]
[Result "1/2-1/2"]
[EventDate "1980.01.01"]
[PlyCount "68"]
[EventCategory "5"]
[Source "ChessBase"]
[SourceDate "1999.07.01"]

1. d4 Nf6 2. c4 e6 3. Nf3 b6 4. Bf4 Bb7 5. e3 Be7 6. Nc3 Nh5 7. Bg3 d6 8. Qc2
g6 9. O-O-O Nd7 10. Be2 a6 11. Ne1 Nxg3 12. hxg3 c5 13. d5 e5 14. f4 Qc7 15. g4
O-O-O 16. g3 Kb8 17. Nf3 exf4 18. exf4 h6 19. Nd2 Bf6 20. Nde4 Bg7 21. Bf3 Rde8
22. Rde1 Bc8 23. Qa4 f5 24. gxf5 gxf5 25. Nd2 Bxc3 26. bxc3 Rxe1+ 27. Rxe1 Nf6
28. Nf1 Rh7 29. Qb3 Ka7 30. Kd2 Qd8 31. Qc2 Qg8 32. Re2 Rg7 33. Qd1 Bd7 34. Qe1
Qf8 1/2-1/2

[Event "59th DEN-ch"]
[Site "Odense DEN"]
[Date "1980.??.??"]
[Round "10"]
[White "Mortensen, Erling"]
[Black "Roedgaard, John"]
[WhiteElo "2400"]
[BlackElo "2335"]
[Result "1-0"]
[EventDate "1980.01.01"]
[PlyCount "53"]
[EventCategory "5"]
[Source "ChessBase"]
[SourceDate "1999.07.01"]

1. c4 e6 2. Nc3 d5 3. d4 Nf6 4. Bg5 Nbd7 5. e3 Be7 6. Nf3 O-O 7. Qc2 c6 8.
O-O-O b6 9. h4 Bb7 10. Kb1 Rc8 11. Bd3 h6 12. e4 dxe4 13. Nxe4 Nxe4 14. Bxe4 f5
15. Bxe7 Qxe7 16. Bd3 c5 17. d5 exd5 18. Bxf5 d4 19. Rhe1 Qd6 20. Be6+ Kh8 21.
Ng5 Nf6 22. Qg6 Rc7 23. f3 Ba6 24. Nf7+ Rcxf7 25. Bxf7 b5 26. Re6 Qd7 27. Rxf6
1-0

[Event "59th DEN-ch"]
[Site "Odense DEN"]
[Date "1980.??.??"]
[Round "11"]
[White "Brinck-Claussen, Bjoern"]
[Black "Broendum, Eric"]
[WhiteElo "2370"]
[BlackElo "2315"]
[Result "1/2-1/2"]
[EventDate "1980.01.01"]
[PlyCount "49"]
[EventCategory "5"]
[Source "ChessBase"]
[SourceDate "1999.07.01"]

1. d4 Nf6 2. c4 g6 3. Nc3 Bg7 4. e4 d6 5. Be2 O-O 6. Bg5 c5 7. d5 b5 8. cxb5 a6
9. bxa6 Bxa6 10. Nf3 h6 11. Bd2 Bxe2 12. Qxe2 Nbd7 13. O-O Qb6 14. Rab1 Rfb8
15. h3 Qa6 16. Qxa6 Rxa6 17. b3 Ra3 18. Bc1 Ra6 19. Bd2 Ra3 20. Rbc1 Ne8 21.
Rc2 Raa8 22. Re1 Nc7 23. Re2 Kh7 24. Bf4 Na6 25. Nd1 1/2-1/2

[Event "59th DEN-ch"]
[Site "Odense DEN"]
[Date "1980.??.??"]
[Round "11"]
[White "Hoei, Carsten"]
[Black "Mortensen, Erling"]
[WhiteElo "2410"]
[BlackElo "2400"]
[Result "1/2-1/2"]
[EventDate "1980.01.01"]
[PlyCount "31"]
[EventCategory "5"]
[Source "ChessBase"]
[SourceDate "1999.07.01"]

1. d4 Nf6 2. c4 e6 3. Nc3 Bb4 4. e3 O-O 5. Bd3 c5 6. Nge2 cxd4 7. exd4 d5 8. a3
dxc4 9. Bxc4 Be7 10. O-O Nc6 11. Qd3 b6 12. Bg5 Bb7 13. Rfd1 Nd5 14. Bd2 Nxc3
15. Bxc3 Bf6 16. d5 1/2-1/2

[Event "59th DEN-ch"]
[Site "Odense DEN"]
[Date "1980.??.??"]
[Round "11"]
[White "Jakobsen, Ole"]
[Black "Pedersen, Erik"]
[WhiteElo "2410"]
[BlackElo "2315"]
[Result "1/2-1/2"]
[EventDate "1980.01.01"]
[PlyCount "56"]
[EventCategory "5"]
[Source "ChessBase"]
[SourceDate "1999.07.01"]

1. Nf3 Nf6 2. c4 c5 3. g3 b6 4. Bg2 Bb7 5. O-O e6 6. b3 Be7 7. Bb2 O-O 8. Nc3
Nc6 9. d4 Nxd4 10. Nxd4 Bxg2 11. Kxg2 cxd4 12. Qxd4 Qc7 13. e4 d6 14. Rfd1 Rfd8
15. f3 a6 16. a4 Bf8 17. Rac1 Nd7 18. Qd3 Rac8 19. Qc2 Qb7 20. Rd2 Nc5 21. Rcd1
Qb8 22. Re2 Be7 23. Bc1 Qb7 24. Bf4 Qc6 25. Red2 Nb7 26. Be3 Qc7 27. Qb2 Nc5
28. Bd4 Bf8 1/2-1/2

[Event "59th DEN-ch"]
[Site "Odense DEN"]
[Date "1980.??.??"]
[Round "11"]
[White "Kristiansen, Jens"]
[Black "Fedder, Steen"]
[WhiteElo "2430"]
[BlackElo "2410"]
[Result "1/2-1/2"]
[EventDate "1980.01.01"]
[PlyCount "114"]
[EventCategory "5"]
[Source "ChessBase"]
[SourceDate "1999.07.01"]

1. e4 c5 2. Nf3 d6 3. d4 cxd4 4. Nxd4 Nf6 5. Nc3 a6 6. a4 e6 7. Be2 Be7 8. O-O
Qc7 9. f4 O-O 10. Bf3 Nc6 11. Be3 Na5 12. Kh1 Nc4 13. Bc1 Rd8 14. b3 Ne5 15.
Bb2 Nxf3 16. Qxf3 e5 17. Nde2 Bg4 18. Qd3 Rac8 19. Rac1 Qa5 20. h3 Bxe2 21.
Nxe2 d5 22. fxe5 Nxe4 23. Ng3 Bg5 24. Rcd1 Qc5 25. e6 fxe6 26. Nxe4 dxe4 27.
Qxe4 Qc6 28. Qg4 Bh6 29. c4 Rxd1 30. Rxd1 Rf8 31. Ba3 Re8 32. Rd6 Qc8 33. Qd1
e5 34. Qd5+ Kh8 35. Qe4 Qc7 36. Rd3 Qc6 37. Rd5 Qf6 38. Rd1 Qc6 39. Rd5 Qf6 40.
Rd1 Qc6 41. Qf5 Qg6 42. Qxg6 hxg6 43. Kg1 Be3+ 44. Kf1 Bd4 45. Ke2 Re6 46. b4
Rf6 47. Rf1 Kg8 48. b5 Kf7 49. Bc1 axb5 50. axb5 Ke6 51. Rf3 e4 52. Rf4 Ke5 53.
g3 g5 54. Rxf6 gxf6 55. g4 Kd6 56. Ba3+ Ke6 57. Bc1 Kd6 1/2-1/2